[Event "Frankfurt Ch 2006"]
[Site "Ffm-Kalbach, LAZ"]
[Date "2006.05.15"]
[Round "4.62"]
[White "Müllergroß, Christian"]
[Black "Troeger, Beate"]
[Result "1-0"]
[WhiteElo "1489"]
[BlackElo "798"]
[PlyCount "65"]
[EventDate "2006.??.??"]

1. d4 f5 2. Nf3 Nf6 3. g3 e6 4. c4 Be7 5. Bg2 O-O 6. Nc3 c6 7. O-O d5 8. Nd2
Nbd7 9. cxd5 cxd5 10. f3 Rb8 11. e4 b5 12. exf5 exf5 13. f4 Qb6 14. Nf3 Bb7 15.
Kh1 Bc6 16. Ne5 b4 17. Nxd7 Nxd7 18. Nxd5 Bxd5 19. Bxd5+ Kh8 20. b3 Nf6 21. Bg2
Rfd8 22. Bb2 Bc5 23. dxc5 Rxd1 24. cxb6 Rxf1+ 25. Rxf1 Rxb6 26. Bxf6 Rxf6 27.
Rc1 h6 28. Bf1 Rd6 29. Rc5 Rd1 30. Kg1 g6 31. Rc8+ Kg7 32. Rc7+ Kf6 33. Rxa7
1-0

[Event "Frankfurt Ch 2006"]
[Site "Ffm-Kalbach, LAZ"]
[Date "2006.05.15"]
[Round "4.65"]
[White "Schwabe, Manfred"]
[Black "Liebert, Monika"]
[Result "1-0"]
[WhiteElo "1680"]
[BlackElo "1105"]
[PlyCount "71"]
[EventDate "2006.??.??"]

1. d4 d5 2. c4 Nf6 3. Nc3 e6 4. Bf4 Bb4 5. Qc2 Nc6 6. e3 h6 7. a3 Bxc3+ 8. bxc3
O-O 9. Nf3 b6 10. cxd5 exd5 11. h3 Bb7 12. Bd3 Re8 13. O-O Ne4 14. c4 Kh8 15.
cxd5 Ng5 16. dxc6 Nxf3+ 17. gxf3 Bc8 18. Bf5 g5 19. Bg3 f6 20. Rfd1 Re7 21. d5
Kg7 22. f4 Bxf5 23. Qxf5 Qc8 24. Qxc8 Rxc8 25. Rd4 Rf7 26. e4 b5 27. e5 Kg6 28.
e6 Re7 29. Rc1 Rd8 30. f5+ Kxf5 31. Bxc7 Rxc7 32. d6 Kxe6 33. Re1+ Kf5 34. dxc7
Rxd4 35. c8=Q+ Kf4 36. Qg4# 1-0

[Event "Frankfurt Ch 2006"]
[Site "Ffm-Kalbach, LAZ"]
[Date "2006.05.15"]
[Round "4.66"]
[White "Honert, Stefan"]
[Black "Kirschner, Matthias"]
[Result "0-1"]
[WhiteElo "1201"]
[BlackElo "1547"]
[PlyCount "74"]
[EventDate "2006.??.??"]

1. d4 d6 2. c4 e5 3. dxe5 dxe5 4. Qxd8+ Kxd8 5. Nf3 f6 6. Nc3 c6 7. e3 Be6 8.
Bd3 Kc7 9. O-O Nd7 10. b3 a5 11. Bb2 Nc5 12. Bc2 Na6 13. a3 Bc5 14. Ne4 Ne7 15.
Nxc5 Nxc5 16. a4 Bf5 17. Ba3 Bxc2 18. Bxc5 Ng6 19. Rfc1 Bf5 20. Ra2 Rhd8 21.
Nd2 Rd3 22. e4 Be6 23. g3 Rad8 24. Rcc2 Nh8 25. Ba3 Nf7 26. Kg2 Bg4 27. f3 Bh5
28. g4 Bg6 29. Rab2 h5 30. h3 hxg4 31. hxg4 Ng5 32. Bc5 Rh8 33. Ba3 Nh3 34. Ra2
Nf4+ 35. Kf2 Rh2+ 36. Kg3 Rg2+ 37. Kh4 Rd8 0-1

[Event "Frankfurt Ch 2006"]
[Site "Ffm-Kalbach, LAZ"]
[Date "2006.05.15"]
[Round "4.68"]
[White "Zuyev, Lisa"]
[Black "Richter, Edgar"]
[Result "1-0"]
[WhiteElo "1060"]
[BlackElo "1300"]
[PlyCount "158"]
[EventDate "2006.??.??"]

1. e4 d6 2. d4 Nf6 3. Nc3 Nbd7 4. Nf3 e5 5. Bc4 Be7 6. O-O O-O 7. Be3 exd4 8.
Nxd4 Nc5 9. f3 a6 10. a4 Bd7 11. b4 Ne6 12. Nf5 h6 13. f4 Re8 14. Qf3 c6 15.
Rad1 Qc7 16. Qg3 Nh5 17. Nxh6+ Kf8 18. Qf3 Nf6 19. Nf5 b5 20. Bb3 bxa4 21. Nxa4
c5 22. bxc5 Nxc5 23. Nxc5 Bxf5 24. Nxa6 Rxa6 25. exf5 Ra5 26. g4 Rd8 27. Bd4 d5
28. g5 Ng8 29. Bc3 Ra6 30. Bxd5 Qc5+ 31. Kh1 Rad6 32. Bxg7+ Kxg7 33. f6+ Nxf6
34. gxf6+ Bxf6 35. Qg4+ Kf8 36. Bb3 Qb5 37. Qf3 Qd7 38. Rxd6 Qxd6 39. Qb7 Rd7
40. Qa8+ Rd8 41. Qg2 Bd4 42. Qe4 Re8 43. Qd5 Qf6 44. Qg5 Qd6 45. Qd5 Qf6 46.
Qg5 Qxg5 47. fxg5 Re7 48. h4 Kg7 49. Rd1 Bf2 50. h5 Bh4 51. Rg1 Re5 52. g6 Rxh5
53. gxf7+ Bg5+ 54. Kg2 Be3 55. Rd1 Rg5+ 56. Kf3 Bc5 57. Kf4 Rg6 58. Kf5 Rf6+
59. Ke5 Bd6+ 60. Kd4 Bf8 61. Rg1+ Kh6 62. Rg8 Rd6+ 63. Ke5 Rd8 64. Kf6 Rd6+ 65.
Ke5 Rd8 66. Ke6 Rb8 67. Bd5 Rd8 68. c4 Rc8 69. Bb7 Rb8 70. Be4 Rd8 71. Rg6+ Kh5
72. Rg8 Kh6 73. c5 Rc8 74. c6 Rb8 75. Kd7 Ra8 76. c7 Ra4 77. c8=Q Rd4+ 78. Ke8
Rxe4+ 79. Kxf8 Rh4 1-0